Podział administracyjny Korei Południowej - Statystyki

Ogólne statystyki
  • Ten quiz został rozwiązany 69 razy
  • Średni wynik to 5 z 17
Statystyki odpowiedzi
Odpowiedź % Poprawnych
Miasto specjalne Seul
100%
Metropolia Pusan
60%
Metropolia Ulsan
53%
Metropolia Daegu
40%
Metropolia Inczon
33%
Prowincja Czedżu
30%
Metropolia Gwangju
30%
Specjalne miasto autonomiczne Sedżong
27%
Metropolia Daejon
23%
Prowincja Gangwon
23%
Prowincja Gyeonggi
23%
Prowincja Chungcheong Północny
17%
Prowincja Chungcheong Południowy
17%
Prowincja Gyeongsang Północny
17%
Prowincja Gyeongsang Południowy
17%
Prowincja Jeolla Północna
17%
Prowincja Jeolla Południowa
17%
Nie znaleziono quizów pasujących do podanych kryteriów
Rozkład punktacji
Procent ludzi z każdym wynikiem
Percentyl według liczby udzielonych odpowiedzi
Twoja historia wyników
Nie rozwiązałeś tego quizu